| 000 | 00949cam a22003135a 4500 | ||
|---|---|---|---|
| 999 |
_c11768 _d11768 |
||
| 001 | 2536330 | ||
| 003 | EG-ScBUE | ||
| 005 | 20210131101410.0 | ||
| 008 | 931207s2001 enk f 000 1 eng d | ||
| 020 | _a0007101880 | ||
| 020 | _a9780007101887 | ||
| 040 |
_aDLC _beng _erda _cDLC _dEG-ScBUE |
||
| 082 | 0 | 4 |
_a813.54 _bSHE _222 |
| 100 | 1 |
_aSheldon, Sidney, _eauthor. _95911 |
|
| 245 | 1 | 4 |
_aThe sky is falling / _cSidney Sheldon. |
| 264 | 1 |
_aLondon : _bHarper Collins Publishers, _c2001. |
|
| 300 |
_a456 pages ; _c18 cm |
||
| 336 |
_2rdacontent _atext _btxt |
||
| 337 |
_2rdamedia _aunmediated _bn |
||
| 338 |
_2rdacarrier _avolume _bnc |
||
| 590 | _amustafa galal. | ||
| 650 | 7 |
_aSerial murders _zWashington (D.C.) _vFiction. _2BUEsh |
|
| 650 | 7 |
_aTelevision news anchors _zWashington (D.C.) _vFiction. _2BUEsh |
|
| 651 | _2BUEsh | ||
| 653 |
_cAugust2015 _bHHUUEENN |
||
| 655 |
_vReading book _934232 |
||
| 942 |
_2ddc _cBB |
||